Missing Word: 'B' Songs Quiz Stats

 Plays Quiz Updated Sep 20, 2012

Support Sporcle.
Go Orange.
Score 0/20 Timer 03:00
0 Plays Today
Song Missing Word % Correct
Don't Stop ________Believin'
95.8%
________ Girls Don't CryBig
93.9%
________ ItBeat
93.7%
________ in BlackBack
92.3%
Bad to the ________Bone
91.8%
My _________ FriendBest
88.9%
________ and YellowBlack
86.4%
I Got You ________Babe
82.5%
You ________ With MeBelong
77.2%
________ HillsBeverly
74.8%
Song Missing Word % Correct
________ and the JetsBennie
74.6%
________ DayBad
72.8%
________ He CheatsBefore
66.4%
Summertime ________Blues
66%
Love is a ________Battlefield
64.8%
________ GirlBarbie
54.9%
I'm Like a ________Bird
53.4%
Take a ________Bow
47.3%
You ________ You BetBetter
46.2%
________ PancakesBanana
39%

Today's Daily Dose

Missing Word
Paddington 2 Cast

Word Ladder
Time After Time

Quick Pick
'World' Movies

You're not logged in!

Compare scores with friends on all Sporcle quizzes.
OR
Log In

From the Vault

E.G.O.T. So Close!

by citkeane

If you only win 3/4 awards in an EGOT, you might as well not even exist.
Remove Ads.
Support Sporcle.
Get the best of Sporcle when you Go Orange. This ad-free experience offers more features, more stats, and more fun while also helping to support Sporcle. Thank you for becoming a member.

Show Comments

Extras

Top Quizzes Today


Score Distribution

Your Account Isn't Verified!

In order to create a playlist on Sporcle, you need to verify the email address you used during registration. Go to your Sporcle Settings to finish the process.

Report this User

Report this user for behavior that violates our Community Guidelines.

Details: